Normal view
MARC view
Entry Término temático
001 - NÚMERO DE CONTROL
- campo de control: 147479
003 - IDENTIFICADOR DEL NÚMERO DE CONTROL
- campo de control: OSt
005 - FECHA Y HORA DE LA ÚLTIMA TRANSACCIÓN
- campo de control: 20220127160205.0
008 - DATOS DE LONGITUD FIJA
- campo de control de longitud fija: 220127|| aca||aabn | a|a d
040 ## - FUENTE DE LA CATALOGACIÓN
- Centro catalogador/agencia de origen: OSt
- Centro/agencia transcriptor: OSt
150 ## - ENCABEZAMIENTO--TÉRMINO DE MATERIA
- Término de materia o nombre geográfico como elemento de entrada: Agricultural finance
670 ## - FUENTE DE DATOS ENCONTRADOS
- Cita de la fuente: Work cat.: (OSt)170607: Reunión de Dirigentes de Crédito Agrícola de América Latina (1966 Ago. 1-6 : Guatemala, Guatemala) 147477, Manual del B. I. D. : edición preliminar /, 1966
